000 00415nam a2200181Ia 4500
005 20240823055803.0
008 240823s9999||||xx |||||||||||||| ||und||
041 _aENGLISH
082 _A823 M0
100 _aThomas Hardy
245 0 _aFar From The madding Crowd
250 _a1st
260 _c1980
_b"The Macmillan,New York"
500 _aYES
650 _aStory
_bEnglish
942 _cBK
999 _c229603
_d229603